000 00573nam a2200193 i 4500
001 179452
003 ES-MaACL
005 20230921201218.0
008 111201s2010 sp | |||||||| | spa d
020 _a978-84-92760-17-6
080 _a821.134.2-31"19"
100 1 _aParrondo, Adelaida.
_9148666
245 1 0 _aEn el punto de mira /
_cAdelaida Parrondo.
260 _aMadrid :
_bES Ediciones,
_cD.L. 2010.
300 _a247 p. ;
_c21 cm.
852 _aES-MaACL
_jA-11739
_9186345
_bR.146756
_cDEPO1
_dOlim: N-4744
942 _2udc
_cMONOGRAFIA
999 _c179452
_d179452